| 000 | 01042nam a2200205 i 4500 | ||
|---|---|---|---|
| 001 | 163342 | ||
| 003 | ES-MaACL | ||
| 005 | 20250821063103.0 | ||
| 008 | 990623s1883 sp af |||| | spa d | ||
| 100 | 1 |
_aRepullés y Vargas, Enrique María, _d1845-1922 _996277 |
|
| 245 | 1 | 0 |
_aRestauración del Templo de San Jerónimo el Real en Madrid / _cpor Enrique María Repullés y Vargas. |
| 260 |
_aMadrid : _b[s.n.], _c1883 ( _fImp. de Fortanet) |
||
| 300 |
_a22 p., [6] h. pleg. de lám. ; _c33 cm. |
||
| 530 | _aDisponible en formato digital. | ||
| 610 | 2 | 4 |
_aMonasterio de San Jerónimo el Real (Madrid)- _xRestauración. _9171256 |
| 610 | 2 | 4 |
_aMonasterio de San Jerónimo el Real (Madrid)- _xHistoria. _9134690 |
| 852 |
_aES-MaACL _jT-397-F-3 _z- Enc. hol., falto de cub. original _z- Sello del autor _z- Dedicatoria autógrafa del autor |
||
| 856 |
_uhttps://bibliotecavirtualmadrid.comunidad.madrid/bvmadrid_publicacion/es/consulta/registro.do?id=248 _zBiblioteca Digital de la Comunidad de Madrid |
||
| 999 |
_c163342 _d163342 |
||